000 00538cam a2200193ua 4500
001 3772
008 111203n ii |||gr||||Z||||||asm
040 _cMAIN
082 _a491.451
100 1 _aGoswami, Kesavananda Dev,
_eAuthor.
245 1 1 _aPrakrit path :
_bpali, prakit aru apabhransha /
_cby Kesavananda Dev Goswami
250 _a1st.
260 _aDibrugarh:
_bStudents emporium,991.
300 _a159p:
_c23cm.
653 _aAssamese language
653 _aPrakrit path
700 1 _aBaruah, Bhimkanta,
_eAuthor.
942 _cBK
999 _c3598
_d3598